Cementerio de pájaros
Збережено в:
| Автор: | |
|---|---|
| Формат: | Книга |
| Мова: | Undetermined |
| Опубліковано: |
México, Distrito Federal
Cuadernos Americanos
1956
|
| Предмети: | |
| Теги: |
Додати тег
Немає тегів, Будьте першим, хто поставить тег для цього запису!
|
MARC
| LEADER | 00000nam a2200000Ia 4500 | ||
|---|---|---|---|
| 008 | 170316s9999 xx 000 0 und d | ||
| 040 | |a cru BVZT | ||
| 090 | |a 860 A-16c | ||
| 100 | |a Alvarez, Griselda |9 1013 | ||
| 245 | |a Cementerio de pájaros |c / Griselda Alvarez | ||
| 260 | |a México, Distrito Federal |b Cuadernos Americanos |c 1956 | ||
| 300 | |a 87 páginas | ||
| 650 | |a LITERATURA LATINOAMERICANA |9 15 | ||
| 999 | |c 8304 |d 8304 | ||
| 942 | |c 15 D |h 860 A-16c |2 z | ||
